000 00651cam a2200193 a 4500
001 000002876
005 20200929150257.0
008 830906s1982 cu a 000 0aspad
040 _aDO-SdBNP
_bspa
_dBNPHU
050 0 0 _aPQ7389.G84
_bZ47 1982
082 _a861
_bG958p
100 1 _aGuillén, Nicolás,
_d1902-1989.
_95891
245 1 0 _aPáginas vueltas :
_bmemorias /
_cNicolás Guillén.
260 _aLa Habana :
_bUnión de Escritores y Artistas de Cuba,
_c1982.
300 _a318 p., [24] p. :
_bil. ;
_c24 cm.
500 _a"Edición homenaje al 80 aniversario de su nacimiento".
600 1 0 _aGuillén, Nicolás,
_d1902-1989
_95891
049 _aBNGR
999 _c2710
_d2710